[Event "Tashkent FIDE GP"]
[Site "Tashkent"]
[Date "2014.10.21"]
[Round "1"]
[White "Nakamura, Hikaru"]
[Black "Jobava, Baadur"]
[Result "1-0"]
[WhiteElo "2764"]
[BlackElo "2717"]
[Annotator "Sagar Shah"]
[PlyCount "67"]
[EventDate "2014.10.21"]
[EventType "tourn"]
[EventRounds "11"]
[EventCountry "UZB"]
[EventCategory "21"]
[SourceTitle "CBM 163"]
[Source "ChessBase"]
[SourceDate "2014.11.11"]
[SourceVersion "1"]
[SourceVersionDate "2014.11.11"]
[SourceQuality "1"]

{After the first leg of the Grand Prix which was held in Baku, the second one
started within ten days in Tashkent. Nakamura had played the first event also
while Jobava was the new entrant. Both of them are complete hackers on the
chess board and hence a game between both of them is a treat for the
spectators.} 1. d4 e6 {With this move order, Jobava signals that he is ready
to play the French Defence also.} 2. c4 (2. e4 d5 {is not a problem for Baadur,
as the French is one of the main openings in his repertoire.}) 2... Bb4+ $5 {
We all know that giving a check with Bb4 after developing the N to f6 is the
start of the Bogo-Indian Defence. But what is the difference when the N is not
developed on f6? According to Dejan Antic and Branimir Maksimovic, who have
written a book on this subject called the Modern Bogo, there is not much
difference. Amost all of the lines transpose to the traditional Bogo or Nimzo
because the best place to develop the N is after all on f6.} 3. Nd2 (3. Bd2 {
is the other option in such positions.}) 3... Nf6 4. a3 Be7 (4... Bxd2+ 5. Qxd2
b6 6. Nf3 Bb7 7. e3 {[%csl Gc1,Gf1] The double B advantage at least gives
White something to play for.}) 5. Ngf3 O-O 6. e4 {We are now in one of the
most topical lines of the Bogo-Indian Defence. Black has two ways to play here.
One is the extremely theoretical line starting with 6...d5 and the other is
the more sedate one trying to go 6...d6 with the idea of a later e6-e5. The
difference between the two setups is that d5 leads to direct confrontation and
more concrete lines while d6-e5 lead to a quiet and positional game.} d6 (6...
d5 7. e5 Nfd7 8. Bd3 c5 9. h4 $1 {and already there are sacrifices threatened
on the h7-square.}) 7. Bd3 (7. Be2 {Developing the B on e2 is equally popular.}
Nbd7 8. O-O e5 {has been seen in many top level encounters. Most notable being
Eljanov-Tomashevsky.}) (7. e5 Nfd7 $132 {will see White's center
disintegrating.}) 7... e5 8. O-O (8. dxe5 dxe5 9. Nxe5 {Why not win a pawn?
There seems no obvious way for Black to win it back. This has been tried in
only one game before. The game Steingrimsson-Riff continued in the following
manner.} Re8 $5 (9... Nbd7 $5 10. Nxd7 Nxd7 11. O-O Nc5 12. Bb1 Be6 {Black has
some compensation but it doesn't seem enough.}) 10. Qe2 (10. Bc2 $6 Bc5 $1 11.
Nef3 Ng4 $1 12. O-O Bxf2+ $1 13. Rxf2 Ne3 $15) 10... Bd6 (10... Bc5 11. Nef3
Nc6 {was the game continuation.}) 11. Nef3 Bg4 12. O-O Nc6 {[%csl Gc6,Gd6,Ge8,
Gf6,Gg4] Black has excellent compensation for the pawn due to his activity and
he will soon regain it.} 13. Qe3 Bc5 14. Qxc5 Qxd3 $11) 8... exd4 9. Nxd4 {
White has more space. However, his N is misplaced on d2. He would have been
happier if his N were on c3 controlling the important d5-square. Black's
strategy is clear. He would like to play on the dark squares. The most natural
squares for his Ns are c5 and e5. Hence Nbd7 looks natural but Jobava goes for
the more direct Nc6.} Nc6 $5 {Jobava plays a move that has been only played
once before by Delchev against Jan Werle in 2014.} (9... Nbd7 {trying to take
advantage of the bishop on d3 by moving to c5 or e5 looks natural but White
can play} 10. b4 Ne5 11. Be2 $14 {and claim a small edge in the position.}) 10.
Nxc6 bxc6 11. Nb3 $1 {Nakamura plays the strongest move in the position. He
aims to put his N on a5 from where it can pressurise the weakened black
queenside.} (11. b4 a5 12. Bb2 Ng4 $1 {A typical manoeuvre to challenge White
on the dark squares with ideas like Bf6 and Ne5.} 13. h3 (13. Nb3 $1 axb4 14.
axb4 Rxa1 15. Qxa1 Bf6 16. Bxf6 Qxf6 17. Qxf6 Nxf6 18. Ra1 $14 {Of course
White is the only one pressing here.}) 13... Ne5 14. Be2 Bf6 $11) (11. c5 Nd7
$1 12. cxd6 cxd6 {Gives Black more room to breathe.}) 11... Re8 (11... a5 $5 {
Such moves are quite characteristic of Jobava. They are risky because the
a-pawn is weak and will be lost but in return it leads to White's pieces being
misplaced which can give Black a lot interesting options.} 12. Bd2 a4 13. Na5
c5 14. Nc6 $1 (14. Qxa4 $6 Ng4 $5 15. Qc2 Bf6 16. Nc6 (16. Nb3 Rb8 $132) 16...
Qe8 17. e5 Bxe5 18. Bxh7+ Kh8 19. h3 $1 (19. Nxe5 $2 Qxe5 20. g3 (20. f4 Qd4+
$15) 20... Qh5 $19) 19... Qxc6 20. Be4 Qa4 21. b3 Qa6 22. hxg4 Bxa1 23. Bxa8
Qxa3 24. Bf3 $14) 14... Qe8 15. Nxe7+ Qxe7 16. Qc2 $14) 12. Na5 Bd7 13. Bf4 (
13. b4 {Nakamura might have been afraid of some sacrifice on e4.} Nxe4 (13...
Bf8 14. f3 $14 {is a clear edge for White.}) 14. Bxe4 Bf6 {But after} 15. Nxc6
Bxc6 (15... Qc8 16. Qd3 Bxa1 17. Bg5 $1 $14) 16. Bxc6 Bxa1 17. Bxe8 Qxe8 18.
Be3 $14 {White is coming out on top.}) 13... Bf8 14. Re1 $1 {is the best move
in the position.} (14. f3 {weakens the a7-g1 diagonal and can be immediately
met with} d5 $1 15. cxd5 cxd5 16. exd5 $6 Nh5 $1 (16... Bc5+ $2 17. Kh1 Nh5 18.
Nb7 $16) 17. Bd2 Bc5+ 18. Kh1 Qh4 19. Be1 Qg5 20. Qc1 Be3 $36 {With a strong
initiative.}) (14. Qc2 {was a good possibility.}) 14... h6 $6 {Jobava goes for
a plan with Nh7-g5 which at best looks completely artificial.} (14... Ng4 $5
15. Qd2 (15. Nxc6 $6 Qf6 $1 16. Bg3 Nxf2 17. Bxf2 Bxc6 $15) 15... c5 16. b4 $1
$14 Qf6 {There is no doubt that White is better here but at least the black
pieces are active and there are a few traps which White can fall into.}) (14...
g6 {was another idea trying to activate the B from g7.} 15. Qd2 Bg7 16. Rad1 c5
(16... Rb8 17. b4) 17. e5 Nh5 18. Bg5 $16 {White's centralised forces give him
a long lasting and a strong advantage.}) 15. h3 {A nice multi-purpose move.
Creating an escape square for the white king, stopping Ng4 and also making a
retreat square for the B on f4 at some point .} Nh7 16. e5 $1 {The thing about
strong players is that they know exactly when to step on the accelerator in a
position. Here Nakamura could have improved his position with Qd2 and there
seems absolutely nothing wrong with that move but he assesses correctly that
the break e4-e5 will cause Black greater difficulties.} Ng5 17. b4 dxe5 (17...
c5 {was a way to create some complications.} 18. exd6 Rxe1+ 19. Qxe1 Bxd6 20.
Bxd6 cxd6 $14 {White's advantage has been reduced to the minimum.}) 18. Bxe5 c5
19. h4 cxb4 $5 {Typical Jobava, who is looking on every move as to how he can
sharpen the play.} (19... Ne6 {Why not just save the piece? The problem is
that White gets a risk free edge after} 20. Be4 Rb8 21. b5 $1 $16) 20. hxg5
Qxg5 {Objectively the position is better for White but look at the mess on the
board. The e5 B is hanging and it cannot move as the a5 N is also loose. All
in all it looks as if White is in trouble. But you can bank on Nakamura to
wade his way through the complications.} 21. Be4 $1 {The best move attacking
not only the a8-R but also the d7-B.} (21. f4 $4 Bc5+ 22. Kf1 Qh4 $19) 21...
Bg4 {Once again the position is not the easiest one to assess but Nakamura
sees that it is extremely important to keep his Q in touch with the e1-R.} (
21... Rad8 22. Bxc7 $18) 22. Qb1 $1 (22. Qd3 $2 Rad8 $132) (22. Qc1 Qxc1 23.
Rexc1 Rxe5 24. Bxa8 Rxa5 25. axb4 Bxb4 26. Rxa5 Bxa5 $14 {White is better but
it will be almost impossible to win this one.}) (22. f3 $2 Rxe5 23. fxg4 Bc5+
24. Kf1 Rae8 $19) (22. Qb3 Rxe5 23. Bxa8 Rxe1+ 24. Rxe1 Qxa5 25. axb4 Qxb4 26.
Qxb4 Bxb4 27. Re8+ Kh7 $14) 22... Rxe5 23. Bxa8 bxa3 {Once again Jobava goes
for the most complicated position. Objectively it might be worse but Nakamura
has to continuously keep finding the best moves which is not at all easy.} (
23... Rxe1+ 24. Qxe1 Qxa5 25. axb4 Qxb4 26. Qxb4 Bxb4 27. Rxa7 $16 {With just
one pawn for the exchange, this should be a lost endgame for Black.}) 24. Rxe5
Qxe5 {Black is an entire rook down! Of course the specifics of the position
need to be taken into account. Black has three extra pawns and the pawn on a3
is quite strong. The N on a5 also has to be brought back to the centre. All in
all, Black has compensation but White only has to make a few accurate moves
now. Not such a difficult task but not such an easy one either.} 25. Nb3 $2 {
Now Black is back into the game.} (25. Bd5 $1 {Solves all the problems.} Bd6 (
25... Bf5 26. Qe1 $18) 26. g3 Qb2 27. Qxb2 axb2 28. Rb1 Be5 29. Nc6 Bf6 (29...
Bf5 30. Ne7+) 30. Be4 $18) 25... Bf5 $1 26. Qc1 Qb2 {The two Bs combined with
the Q and the a-pawn form a deadly team. White has to tread very carefully.}
27. Nd2 Bb4 28. Ne4 Qxc1+ $2 {A big mistake which effectively ends the game.
It was important to keep the Qs on the board. It is unclear what Jobava had in
mind when he exchanged the Qs because there is absolutely nothing that Black
can do now.} (28... Qd4 $1 {Keeping an eye on both the e4N and the a1R.} 29.
Ng3 (29. Qd1 Qe5 {look at how difficult it is to defend both e4 and a1. The
white Q is overloaded.}) 29... Bc5 30. Qe1 Be6 (30... Qb2 31. Rxa3 $1 Qxa3 32.
Nxf5 $18) 31. Bd5 Qb2 $1 $11 {the threat is Bxf2 and it is unclear whether
White is winning at all.}) 29. Rxc1 a5 30. Kf1 {The white king joins the
battle. He has nothing to worry now with the Qs gone.} Bd7 31. Ke2 Ba4 32. Kd3
Bb3 33. Nc3 a2 34. Ra1 {Nakamura's play right from the opening up to the
middlegame was simply flawless. He built up a huge edge. But the position
wasn't all about one sided play. Jobava took his chances by sacrificing
material. First a piece and then an entire rook. Such positions with
imbalanced material are always difficult to play. Nakamura went wrong and
Jobava was back in the game but a sudden error of exchanging the Qs brought
the game to a quick end! A very interesting battle.} 1-0

[Event "Zalakaros op 34th"]
[Site "Zalakaros"]
[Date "2015.05.17"]
[Round "4"]
[White "Boruchovsky, Avital"]
[Black "Banusz, Tamas"]
[Result "1-0"]
[WhiteElo "2517"]
[BlackElo "2590"]
[Annotator "Sagar Shah"]
[PlyCount "79"]
[EventDate "2015.05.14"]
[EventType "swiss"]
[EventRounds "9"]
[EventCountry "HUN"]
[SourceTitle "CBM 166 Extra"]
[Source "ChessBase"]
[SourceDate "2015.06.18"]
[SourceVersion "1"]
[SourceVersionDate "2015.06.18"]
[SourceQuality "1"]

1. d4 Nf6 2. c4 e6 3. Nf3 Bb4+ 4. Nbd2 O-O 5. a3 Be7 6. e4 d5 7. e5 Nfd7 8. Bd3
c5 9. h4 {Of course this move no longer comes as a surprise. We have many high
quality games in this line starting from 2011. White's caveman approach is not
so easy met. He currently threatens to take on h7 followed by Ng5 and Qh5 and
game over!} g6 (9... h6 10. Bb1 {followed by Qc2 is also not without danger
for Black.}) 10. h5 cxd4 11. Nb3 $5 {The latest tweak in this line introduced
by David Navara in his game against Timman from Wijk Aan Zee 2015. That ended
in a 19-move win for the Czech player. The logic of this move is very simple:
the d3 bishop is the most important piece on the board for White and Black
always wants to get rid of it with Nc5, which will move it off the important
diagonal or allow the blocking move d3. But with this move White stops Nc5 and
intends to follow up with Qc2 and pressure on the g6 point.} Nc6 {A logical
developing move putting pressure on the e5 pawn.} (11... Na6 {I was wondering
whether we could get our knight on c5 in any case. But it turns out to be a
huge mistake due to} 12. cxd5 $1 exd5 13. e6 $1 $18 {and the black position is
ripped to shreds.}) (11... dxc4 12. Bxc4 b5 $2 13. Bd3 Bb7 14. Qd2 $1 $40 {
was Navara-Timman, where the Dutch player was completely crushed.}) 12. Bf4 {
Defending the e5 pawn.} dxc4 13. Bxc4 g5 {Banusz is well prepared in the line
and makes all the computer moves.} 14. Bg3 g4 15. Nfxd4 Ndxe5 {So Black has
gained the important e5 pawn, but his king is weak and he must remain
extremely careful.} 16. O-O $5 Bf6 (16... Bh4 $5 $13 {looks like a possible
improvement.}) (16... Nxc4 17. Qxg4+ Kh8 18. Nxc6 bxc6 19. Qxc4 $16 {is just
better for White.}) 17. Re1 {White already threatens taking on c6 followed by
taking on g4.} Nxc4 (17... Kh8 18. Nxc6 Qxd1 (18... Nxc6 19. Qxg4 $16) 19. Bxe5
$3 $18 {is the neat tactical point.}) 18. Qxg4+ Kh8 19. Nxc6 bxc6 20. Rad1 $1 {
A very strong intermezzo, getting all the pieces into the game.} Qb6 21. Qxc4
$16 {White has a clear advantage.} Qb5 22. Qf4 {Of course keeping the queens
on.} Qg5 23. Qf3 e5 24. Qxf6+ {Transposing into a winning endgame with an
extra pawn.} Qxf6 25. Bxe5 Qxe5 26. Rxe5 Rb8 27. Nc5 Rxb2 28. h6 Be6 29. Rg5
Re2 30. Rd6 Rc8 31. f3 Ba2 32. Rd7 a5 33. Ra7 Rd8 34. Rc7 Bd5 35. Nb7 Rde8 36.
Nd6 Rf8 37. Rg7 Re1+ 38. Kf2 Rh1 39. Nxf7+ Bxf7 40. Rgxf7 {Avital's opening
preparation was excellent, his feel for attack and initiative was great and
his endgame technique was nearly flawless. That's why he is a very strong
player.} 1-0